| 000 | 00795cab a2200265 4500 | ||
|---|---|---|---|
| 001 | ABS52324 | ||
| 008 | 090401t1995 xxu||||| |||| 00| 0 eng d | ||
| 035 | _a(Sirsi) u73182 | ||
| 041 | _aeng | ||
| 245 | _aLeipzig: Europe`s newest boom region | ||
| 260 | _c1995 | ||
| 350 | _a0 | ||
| 490 |
_aEuroProperty _vFebruary 1995, 26-29(4) |
||
| 520 | _aReviews the commercial property market in Leipzig, Dresden and Dusseldorf. | ||
| 650 | _aDRESDEN | ||
| 650 | _aDUSSELDORF | ||
| 650 | _aGERMANY | ||
| 650 | _aINVESTMENT MARKET | ||
| 650 | _aLEIPZIG | ||
| 650 | _aPROPERTY-COMMERCIAL PROPERTY-OFFICE PROPERTY-OFFICE PROPERTY MARKET | ||
| 650 | _aPROPERTY-COMMERCIAL PROPERTY-RETAIL PROPERTY-RETAIL PROPERTY MARKET | ||
| 690 | _aOVERSEAS-EUROPE | ||
| 942 | _n0 | ||
| 948 | _c04/03/1997 | ||
| 999 |
_c46280 _d46280 |
||